Wielkie Nazwiska Polityki – Sprawdź Swoją Wiedzę - Statystyki

Ogólne statystyki
  • Ten quiz został rozwiązany 58 razy
  • Średni wynik to 11 z 15
Statystyki odpowiedzi
Opis Polityk % Poprawnych
45. i 47. prezydent USA, pełniący urząd od 2017 do 2021 roku oraz ponownie od 2025 roku. Biznesmen, znany z polityki „America First”. Jego druga kadencja rozpoczęła się 20 stycznia 2025 roku. Donald Trump
96%
Polski polityk, lider „Solidarności” i były prezydent Polski. Uznawany za symbol walki z komunizmem, laureat Pokojowej Nagrody Nobla w 1983 roku. Lech Wałęsa
96%
Prezydent Rosji, który rządzi krajem od ponad dwóch dekad. Znany z autorytarnego stylu rządzenia i agresywnej polityki zagranicznej. Vladimir Putin
96%
Brytyjski polityk, premier podczas II wojny światowej. Jego odwaga i przemówienia zainspirowały naród do oporu przeciwko III Rzeszy. Winston Churchill
95%
44. prezydent USA i pierwszy czarnoskóry prezydent w historii kraju. Znany z reformy opieki zdrowotnej i działania na rzecz zmiany klimatu. Barack Obama
93%
Kanclerz Niemiec w latach 2005-2021, liderka CDU. Przez 16 lat pełniła najwyższy urząd w Niemczech, kierując krajem w czasach zmian gospodarczych, politycznych i społecznych w Europie. Angela Merkel
91%
Prezydent Francji od 2017 roku, znany z proeuropejskich poglądów i reform gospodarczych. Emmanuel Macron
87%
Polski polityk, publicysta i lider wielu partii wolnościowych. Znany z kontrowersyjnych, liberalnych poglądów ekonomicznych oraz skrajnie konserwatywnych opinii na tematy społeczne. Janusz Korwin-Mikke
80%
Południowoafrykański lider, który stał na czele walki z apartheidem. Pierwszy czarnoskóry prezydent RPA, laureat Pokojowej Nagrody Nobla. Nelson Mandela
80%
Przywódca Korei Północnej od 2011 roku, przewodniczący Partii Pracy Korei. Sprawuje władzę autorytarną, kontynuuje politykę izolacji kraju i rozwój programu nuklearnego. Kim Dzong Un
76%
Pierwsza kobieta premier Wielkiej Brytanii , znana z polityki neoliberalnej i trudnych reform gospodarczych. Margaret Thatcher
75%
Premier Włoch od 2022 roku, liderka partii Fratelli d'Italia. Jej rządy charakteryzują się konserwatywnymi poglądami i sprzeciwem wobec imigracji. Giorgia Meloni
58%
Włoski polityk, trzykrotny premier Włoch, znany ze swojego kontrowersyjnego stylu rządzenia i licznych skandali, zarówno politycznych, jak i osobistych. Silvio Berlusconi
49%
Władca Libii w latach 1969-2011. Jego rządy przyniosły Libii rozwój gospodarczy, ale także autorytarną władzę. Został obalony i zabity podczas powstania w 2011 roku. Muammar Kaddafi
35%
Prezydent Wenezueli od 2013 roku. Jego rządy są krytykowane za pogłębianie kryzysu gospodarczego i politycznego w kraju. Nicolas Maduro
25%
Nie znaleziono quizów pasujących do podanych kryteriów
Rozkład punktacji
Procent ludzi z każdym wynikiem
Percentyl według liczby udzielonych odpowiedzi
Twoja historia wyników
Nie rozwiązałeś tego quizu